Science Quiz

Random Science or Clickable Quiz

Pharm Benzodiazepines Quiz Stats

 Plays Quiz not verified by Sporcle

Also try: Ancient Elements
Challenge
Share
Tweet
Embed
Score 0/19 Timer 20:00
0 Plays Today
% Correct
Flumazenil
69.2%
Benzodiazepene adverses effects
61.5%
Benzodiazepines
53.8%
Ramelteon
53.8%
Diazapam
46.2%
Thiopental
46.2%
Melatonin
46.2%
Midazolam
38.5%
Alprazolam (xanax)
38.5%
Phenobarbital
38.5%
% Correct
Suvorexant
38.5%
SSRI
38.5%
Temazepam
30.8%
Clonazepam
30.8%
Barbituates
30.8%
Tx for OCD
30.8%
Amobarbital
23.1%
Buspirone
23.1%
Triazolam
15.4%

You're not logged in!

Compare scores with friends on all Sporcle quizzes.
Join for Free
OR
Log In

You Might Also Like...

Show Comments

Extras

Created Jul 24, 2017ReportNominate
Tags:Clickable Quiz

Top Quizzes Today


Score Distribution

Your Account Isn't Verified!

In order to create a playlist on Sporcle, you need to verify the email address you used during registration. Go to your Sporcle Settings to finish the process.

Report this User

Report this user for behavior that violates our Community Guidelines.

Details: